[Event "GER-chT School WK H+R"]
[Site "Playchess.com INT"]
[Date "2020.06.17"]
[Round "7.3"]
[White "Jaeger, Jeremy"]
[Black "Marquart, Maxim"]
[Result "1-0"]
[WhiteElo "1710"]
[BlackElo "1659"]
[PlyCount "137"]
[EventDate "2020.06.10"]
[EventType "team-swiss (blitz)"]
[EventRounds "7"]
[EventCountry "GER"]
[SourceTitle "EXT 2021"]
[Source "ChessBase"]
[SourceDate "2020.10.23"]
[SourceVersion "1"]
[SourceVersionDate "2020.10.23"]
[SourceQuality "1"]
[WhiteTeam "Ahlen Fritz"]
[BlackTeam "Pfullingen Hauff Realschule"]
[WhiteTeamCountry "GER"]
[BlackTeamCountry "GER"]

1. e4 c5 2. c3 Nf6 3. e5 Nd5 4. d4 cxd4 5. cxd4 a6 6. Bc4 e6 7. Bxd5 exd5 8. Nf3 d6 9. Nc3 Be6 10. Bg5 Be7 11. Bxe7 Qxe7 12. 0-0 dxe5 13. dxe5 Qd7 14. Ng5 0-0 15. Qd3 g6 16. Nxe6 fxe6 17. f4 Nc6 18. Na4 Nxe5 19. Nb6 Nxd3 20. Nxd7 Rxf4 21. Rxf4 Nxf4 22. Re1 Kf7 23. Ne5+ Kf6 24. Nd7+ Ke7 25. Nb6 Rf8 26. g3 Nd3 27. Re3 Nxb2 28. Nxd5+ Kd6 29. Nf4 e5 30. Nd3 Nxd3 31. Rxd3+ Kc5 32. Rd7 e4 33. Rxh7 e3 34. Re7 Kd4 35. Rd7+ Kc3 36. Re7 Kd2 37. Rd7+ Ke1 38. Rxb7 Rf1+ 39. Kg2 Rf2+ 40. Kh3 e2 41. g4 Kd2 42. Rd7+ Kc2 43. Rc7+ Kb2 44. Re7 Kc2 45. Kg3 Rxh2 46. Kxh2 Kd2 47. Kh3 e1Q 48. Rxe1 Kxe1 49. Kh4 Ke2 50. Kg5 Kd3 51. Kxg6 Kc3 52. Kh6 a5 53. g5 a4 54. g6 Kb2 55. g7 Kxa2 56. g8Q+ Kb2 57. Qg7+ Kb1 58. Qd4 a3 59. Qd1+ Kb2 60. Qd2+ Kb1 61. Qb4+ Ka1 62. Qxa3+ Kb1 63. Kg5 Kc2 64. Kf4 Kb1 65. Ke3 Kc2 66. Qd3+ Kb2 67. Kd2 Ka1 68. Kc2 Ka2 69. Qa6# 1-0

[Event "GER-chT School WK H+R"]
[Site "Playchess.com INT"]
[Date "2020.06.17"]
[Round "6.3"]
[White "Jeske, Raphael"]
[Black "Jaeger, Jeremy"]
[Result "1-0"]
[WhiteElo "1684"]
[BlackElo "1710"]
[PlyCount "73"]
[EventDate "2020.06.10"]
[EventType "team-swiss (blitz)"]
[EventRounds "7"]
[EventCountry "GER"]
[SourceTitle "EXT 2021"]
[Source "ChessBase"]
[SourceDate "2020.10.23"]
[SourceVersion "1"]
[SourceVersionDate "2020.10.23"]
[SourceQuality "1"]
[WhiteTeam "Fuerth HBS"]
[BlackTeam "Ahlen Fritz"]
[WhiteTeamCountry "GER"]
[BlackTeamCountry "GER"]

1. d4 d5 2. c4 dxc4 3. Nc3 Nf6 4. Bf4 Nc6 5. Nf3 Bf5 6. e3 e6 7. Bxc4 Bd6 8. Bxd6 cxd6 9. 0-0 0-0 10. Bd3 Bxd3 11. Qxd3 Qb6 12. Na4 Qa5 13. Nc3 Nb4 14. Qb5 Qxb5 15. Nxb5 a6 16. Nxd6 b5 17. Nb7 a5 18. Nc5 Nbd5 19. Ne5 Rfd8 20. Rac1 Ne4 21. Nxe4 f6 22. Nf3 f5 23. Nc5 Rd6 24. Ne5 Rc8 25. Nb7 Rxc1 26. Rxc1 h6 27. Nxd6 Kh7 28. Rc8 f4 29. Ndf7 g6 30. Rh8+ Kg7 31. Rxh6 fxe3 32. Rxg6+ Kf8 33. fxe3 Nxe3 34. Rxe6 Nc2 35. Ra6 a4 36. d5 Ke7 37. d6+ 1-0

[Event "GER-chT School WK H+R"]
[Site "Playchess.com INT"]
[Date "2020.06.17"]
[Round "4.3"]
[White "Spitzl, Marin"]
[Black "Jaeger, Jeremy"]
[Result "1-0"]
[WhiteElo "1646"]
[BlackElo "1710"]
[PlyCount "67"]
[EventDate "2020.06.10"]
[EventType "team-swiss (blitz)"]
[EventRounds "7"]
[EventCountry "GER"]
[SourceTitle "EXT 2021"]
[Source "ChessBase"]
[SourceDate "2020.10.23"]
[SourceVersion "1"]
[SourceVersionDate "2020.10.23"]
[SourceQuality "1"]
[WhiteTeam "Muenchen Ernst Barlach Realsch"]
[BlackTeam "Ahlen Fritz"]
[WhiteTeamCountry "GER"]
[BlackTeamCountry "GER"]

1. e4 e5 2. Nf3 Nc6 3. Bc4 Bc5 4. c3 d6 5. d4 exd4 6. cxd4 Bb6 7. Be3 f5 8. Nc3 Nf6 9. Ng5 Rf8 10. d5 Ne7 11. Bxb6 axb6 12. Bb5+ c6 13. dxc6 bxc6 14. Bc4 fxe4 15. Be6 h6 16. Bxc8 Qxc8 17. Ngxe4 Nxe4 18. Nxe4 Qf5 19. Nxd6+ Kd7 20. Nxf5+ Ke8 21. Nxg7+ Kf7 22. Nh5 Rad8 23. Qb3+ Kg6 24. Ng3 Rde8 25. 0-0 Nf5 26. Nxf5 Rxf5 27. Qxb6 Rf6 28. Qb3 Rc8 29. Qg3+ Kf7 30. Rad1 Rb8 31. Rd7+ Ke8 32. Rh7 Rxb2 33. Re1+ Kd8 34. Qc7# 1-0